000 00428nam a2200169Ia 4500
003 OSt
005 20240214123943.0
008 170619s9999 xx 000 0 und d
020 _a9789390831241
040 _cIIMT ENGINEERING COLLEGE
100 _aRoberson- Cliff
245 4 _aThe complete book of business forms & agreements
260 _bNew Delhi McGraw Hill
260 _c1994
546 _aENGLISH
942 _2ddc
_c02
999 _c21972
_d21972